| 000 | 00324nam a22001337a 4500 | ||
|---|---|---|---|
| 003 | SGT | ||
| 082 |
_a617.632 _bW13C |
||
| 100 | _aCHAWLA, KARTIKA | ||
| 245 | _aWOUND HEALING IN PERIODONTAL THERAPY | ||
| 260 |
_aDELHI NCR _bSGT UNIVERSITY GURUGRAM _c2013 |
||
| 300 | _a1-211 | ||
| 650 | _aPERIODONTOLOGY | ||
| 942 |
_2ddc _cTH |
||
| 999 |
_c18509 _d18509 |
||